Darcy's utopia (Record no. 144437)

MARC details
000 -LEADER
fixed length control field 00473nam a2200193Ia 4500
008 - FIXED-LENGTH DATA ELEMENTS--GENERAL INFORMATION
fixed length control field 191130s1990##################000#0#eng##
020 ## - INTERNATIONAL STANDARD BOOK NUMBER
ISBN 9780006545927
082 ## - DEWEY DECIMAL CLASSIFICATION NUMBER
Classification number 823.914 WEL
100 ## - MAIN ENTRY--AUTHOR NAME
Personal name Weldon, Fay
245 ## - TITLE STATEMENT
Title Darcy's utopia
Statement of responsibility, etc Fay Weldon
260 ## - PUBLICATION, DISTRIBUTION, ETC. (IMPRINT)
Place of publication London
Name of publisher Flamingo
Year of publication 1990
300 ## - PHYSICAL DESCRIPTION
Number of Pages 235p
650 ## - SUBJECT ADDED ENTRY--TOPICAL TERM
Topical Term Social Values
Topical Term Utopias
991 ## -
-- 400428
Holdings
Withdrawn status Lost status Damaged status Not for loan Home library Current library Date acquired Full call number Accession Number Price effective from Koha item type
        Anna Centenary Library Anna Centenary Library 12.10.2020 823.914 WEL 485605 12.10.2020 English Books

Find us on the map